000 06394nam a22007578i 4500
001 BDZ0056260616
003 StDuBDS
005 20250624160908.0
006 m|||||o||d||||||||
007 cr |||||||||||
008 240624t2025 enka fo 000|0|eng|d
020 _a9781040322543 (ePub ebook) :
_c165.00
040 _aStDuBDS
_beng
_erda
_epn
_cStDuBDS
_dStDuBDSZ
050 4 _aTA654.9
_b.R6 2025
072 7 _aTEC
_2ukslc
072 7 _aTN
_2bicssc
072 7 _aTNK
_2bicssc
072 7 _aAMCR
_2bicssc
072 7 _aGT
_2bicssc
072 7 _aJFSG
_2bicssc
072 7 _aKFFR
_2bicssc
072 7 _aKJMP
_2bicssc
072 7 _aKNAT
_2bicssc
072 7 _aRGC
_2bicssc
072 7 _aRGW
_2bicssc
072 7 _aRN
_2bicssc
072 7 _aTN
_2thema
072 7 _aTNK
_2thema
072 7 _aAMCR
_2thema
072 7 _aGT
_2thema
072 7 _aJBSD
_2thema
072 7 _aKFFR
_2thema
072 7 _aKJMP
_2thema
072 7 _aRGC
_2thema
072 7 _aRGW
_2thema
072 7 _aRN
_2thema
072 7 _aAM
_2thema
072 7 _aAMC
_2thema
072 7 _aAMD
_2thema
072 7 _aRPC
_2thema
072 7 _aTB
_2thema
072 7 _aTJFD
_2thema
072 7 _aUGC
_2thema
072 7 _aUTC
_2thema
072 7 _aUYM
_2thema
072 7 _aKNJ
_2thema
082 0 4 _a624.1
_223
245 0 0 _aRoutledge handbook of smart built environment
_h[electronic resource] /
_cedited by Weisheng Lu, Chimay J. Anumba.
264 1 _aLondon :
_bRoutledge,
_c2025.
300 _a1 online resource (350 pages) :
_billustrations (black and white, and colour)
336 _atext
_2rdacontent
336 _astill image
_2rdacontent
337 _acomputer
_2rdamedia
338 _aonline resource
_2rdacarrier
366 _b20250320
_cIn stock
505 0 _aForeword by Faye BowserIntroductionChapter 1: Digital twins for smart decision making Chapter 2: From particles to spaces: The intelligent planning unit (IPU) theory to simplify the built environment Chapter 3: Generative design for excellence (DfX) for a smart built environment: From rule-based imitation to data-driven exploration Chapter 4: Project Delivery Methods to Digital Fabrication in Architecture: A Comparative Case Study from a Modularity PerspectiveChapter 5: Unlocking the power of language models for smart configuration in the AEC domain using spoken language understanding Chapter 6: Physical fatigue assessment (PFA) for construction workers with AI and sensory techniques Chapter 7: Smart or not? Perspectives on digital fabrication and digital construction Chapter 8: Methodical review of exoskeleton use in the construction industry Chapter 9: Ontological Models for Construction Scheduling and Resource Planning Chapter 10: Iterative Digital Twin Development for High Technology Healthcare Buildings: The Case of a New Ophthalmology Diagnostic Hub Chapter 11: A Theoretical Framework for Integrating Digital Twins in Building Lifecycle Management Chapter 12: Digital Twin-Based Prototype System for Healthcare Facilities Management Chapter 13: Activity-Based Models for Smart and Sustainable Urban Environment Chapter 14: Sustainable Urban Built Environment: Principles, Tools, and ApplicationsChapter 15: Exploring the Potentials and Obstacles of City Information Modelling Chapter 16: Mobility-as-a-Service (MaaS) and the Built Environment Chapter 17: Integrated Smart Curb Management in Urban Built Environments Addressing Human Dynamics and Disruptive TechnologiesChapter 18:Digital technologies for climate-adaptive smart urban transportation systemsChapter 19: Blockchain for Smart Built Environment: Current Status, Challenges, and Prospects Chapter 20: Effects of Signage Color on Human Psychophysiological States and Wayfinding Performance in Urban Underground Spaces with Different Noise Levels: A Combined EEG and VR Experiment Conclusion
520 8 _aThe primary aim of this edited volume is to document the current theories, best practices, and technological advancements in the move towards a Smart Built Environment (SBE).
_bThe primary aim of this edited volume is to document the current theories, best practices, and technological advancements in the move towards a Smart Built Environment (SBE). The needs to accelerate towards the SBE are numerous and include: Increasing complexities and the need for interconnectivity within the built environment (e.g. mega infrastructure projects) Data-driven decision-making resulting in higher demand from clients (e.g. smart design, construction, operation, and end of life [EOL]) High requirements from stakeholders (e.g. system efficiency, environmental performance, green procurement) Fast paced technological advancement and integration Natural disaster resilience of the built environment (e.g. prediction, smart control of building component) Sustainability issues around the built environment In this book, the interrelationships among the various lifecycle stages: design, construction, operation, and EOL; the collective benefit of synergy at building level, multi-infrastructure level, and city-level, as well as the ultimate goals in relation to the deployment of smart technologies in the industry are addressed. Part I covers smart design and construction, Part II smart living, and operation, and Part III broadens the scope to the whole smart city. Chapters examine: How smart technologies can improve the effectiveness, productivity, and efficiency of the built environment An overview of theories and practices that are enabled by innovations and technologies for developing the SBE The basis for new research agenda, new concepts, and frameworks for future development This handbook documents the current theories, practices, and technologies and develops a holistic approach for research and practice by adopting a multidimensional outlook for the SBE. It is an essential reference work for all built environment stakeholders, from academia through to the professions.
588 _aDescription based on CIP data; resource not viewed.
650 0 _aBUILT ENVIRONMENT
650 7 _aEBOOK
700 1 _aLu, Weisheng,
_eeditor.
700 1 _aAnumba, C. J.
_eeditor.
_q(Chimay J.),
776 0 8 _iPrint version :
_z9781032462080
856 4 0 _uhttps://www.vlebooks.com/product/openreader?id=RICS&accId=9491556&isbn=9781040322543
_zAvailable on VLeBooks (email [email protected] if you do not have a login)
942 _2ddc
999 _c122176
_d122176